Flora da Reserva Ducke, Amazonas, Brasil: Vitaceae (Registro n. 337480)
[ somente texto ]
| 000 -LÍDER | |
|---|---|
| fixed length control field | 02289nab a2200301 i 4500 |
| 003 - CÓDIGO MARC DA AGÊNCIA CATALOGADORA | |
| Campo de controle | BR-BrBNA |
| 005 - DATA E HORA DA ÚLTIMA ATUALIZAÇÃO | |
| Campo de controle | 20250806110202.0 |
| 008 - CAMPO DE TAMANHO FIXO | |
| fixed length control field | 250806b2020 bl.ar|pooa||| 00| 0 por | |
| 040 ## - FONTE DA CATALOGAÇÃO | |
| Agência catalogadora | BR-BrBNA |
| Idioma da catalogação | por |
| 072 ## - CATEGORIA AGRIS | |
| Código AGRIS | F70 |
| 100 ## - ENTRADA PRINCIPAL - NOME PESSOAL | |
| Nome pessoal | Araújo, Adriane Maciel de |
| 100 ## - ENTRADA PRINCIPAL - NOME PESSOAL | |
| Nome pessoal | Liberato, Maria Astrid Rocha |
| 100 ## - ENTRADA PRINCIPAL - NOME PESSOAL | |
| Nome pessoal | Amorim, Bruno Sampaio |
| 100 ## - ENTRADA PRINCIPAL - NOME PESSOAL | |
| Nome pessoal | Cabral, Fernanda Nunes |
| 100 ## - ENTRADA PRINCIPAL - NOME PESSOAL | |
| Nome pessoal | Rezende, Cleiton Fantin |
| 100 ## - ENTRADA PRINCIPAL - NOME PESSOAL | |
| Nome pessoal | Cardozo, Nállarett Marina Dávila |
| 245 ## - TÍTULO PRINCIPAL | |
| Título principal | Flora da Reserva Ducke, Amazonas, Brasil: Vitaceae |
| 500 ## - NOTA GERAL | |
| Nota geral | Publicação on-line; 11 ref.; 1 illus.; Summaries (En, Pt) |
| 942 ## - ADDED ENTRY ELEMENTS (KOHA) | |
| Koha item type | Analítica |
| 520 ## - NOTA DE RESUMO | |
| Nota de conteúdo | <br/><br/>Resumo<br/><br/>Este estudo apresenta o tratamento florístico das espécies de Vitaceae que ocorrem na Reserva Florestal Adolpho<br/>Ducke, Amazonas, Brasil. Coletas provenientes da Reserva Ducke foram analisadas a partir de exsicatas<br/>depositadas no herbário INPA. Foram registradas duas espécies do gênero Cissus para a reserva, Cissus erosa e<br/>C. verticillata subsp. verticillata. Apresentamos descrições das espécies, comentários taxonômicos, ilustrações,<br/>informação sobre hábitat, distribuição geográfica e uma chave de identificação para as espécies. <br/><br/>Palavras-chave: Amazônia, Cissus, florística, taxonomia.<br/><br/><br/><br/><br/>Abstract<br/><br/>This study presents the floristic treatment for the species of Vitaceae occurring in the Reserva Florestal Adolpho<br/>Ducke, Amazonas, Brazil. Collections from the Reserva Ducke were analyzed from specimens deposited<br/>at the INPA herbarium. Two species of the genus Cissus were recorded, Cissus erosa and C. verticillata<br/>subsp. verticillata. We present species descriptions, taxonomic comments, illustrations, habitat information,<br/>geographic distribution, and an identification key for the species.<br/><br/>Key words: Amazon, Cissus, floristics, taxonomy. |
| 650 ## - ASSUNTO - THESAGRO | |
| Cabeçalho tópico ou nome geográfico | AMAZÔNIA |
| 650 ## - ASSUNTO - THESAGRO | |
| Cabeçalho tópico ou nome geográfico | COMPOSIÇÃO BOTÂNICA |
| 650 ## - ASSUNTO - THESAGRO | |
| Cabeçalho tópico ou nome geográfico | TAXONOMIA |
| 650 ## - ASSUNTO - THESAGRO | |
| Cabeçalho tópico ou nome geográfico | VITIDACEAE |
| 773 0# - ENTRADA ANALÍTICA | |
| Host Biblionumber | 709 |
| Registro do item | 353216 |
| Imprenta | Rio de Janeiro-RJ Jardim Botanico do Rio de Janeiro 1935 |
| Outro identificador | 2025-4473 |
| Título | Rodriguésia (Brazil) |
| ISSN | 0370-6583; 2175-7860 on-line |
| Colação | v. 71 p. 1-5; (2020) |
| Número de controle de registro | BR2025003245 |
| 856 ## - ACESSO E ENDEREÇO ELETRÔNICO | |
| Identificador uniforme de recurso - URI | https://www.scielo.br/j/rod/a/ybzg76KJ9mkd8LPbW8yhWQJ/?format=pdf&lang=pt |
Nenhum exemplar disponível.

BINAGRI